Thuringia Top 30 Cities by population - Statistics

General Stats
  • This quiz has been taken 85 times
    81 since last reset
  • The average score is 16 of 30
Answer Stats
Population Answer % Correct
111,099 Jena
98%
212,988 Erfurt
96%
94,859 Gera
93%
64,426 Weimar
89%
42,710 Eisenach
87%
45,589 Gotha
83%
35,166 Suhl
74%
32,374 Altenburg
72%
42,014 Nordhausen
70%
21,126 Meiningen
65%
24,789 Saalfeld
63%
33,127 Mühlhausen
59%
22,560 Rudolstadt
57%
25,975 Ilmenau
54%
22,163 Apolda
52%
19,265 Schmalkalden
52%
23,756 Sonneberg
48%
20,517 Greiz
46%
21,768 Sondershausen
46%
24,409 Arnstadt
41%
17,305 Bad Langensalza
41%
18,856 Sömmerda
35%
15,497 Bad Salzungen
30%
11,761 Hildburghausen
30%
18,457 Leinefelde-Worbis
26%
16,976 Heilbad Heiligenstadt
22%
11,981 Pößneck
20%
11,040 Schmölln
17%
13,024 Waltershausen
13%
16,594 Zeulenroda-Triebes
9%
No matching quizzes found
Score Distribution
Percent of People with Each Score
Percentile by Number Answered
Your Score History
You have not taken this quiz since the last reset